| 000 -ლიდერი |
| ფიქსირებული სიგრძის საკონტროლო ველი |
01439nam a2200253Ia 4500 |
| 001 - საკონტროლო ნომერი |
| საკონტროლო ველი |
23289 |
| 003 - საკონტროლო ნომრის იდენტიფიკატორი |
| საკონტროლო ველი |
GE_BSU |
| 005 - ბოლო ოპერაციის თარიღი და დრო |
| საკონტროლო ველი |
20211210130721.0 |
| 008 - ფიქსირებული სიგრძის მონაცემთა ელემენტები - ზოგადი ინფორმაცია |
| ფიქსირებული სიგრძის საკონტროლო ველი |
181216s2018||||ge |||||||||||||| ||geo|| |
| 020 ## - წიგნის საერთაშორისო სტანდარტული ნომერი |
| International Standard Book Number |
9789941254703 |
| 040 ## - კატალოგიზაციის წყარო |
| Transcribing agency |
GE_BSU |
| 041 ## - ენის კოდი |
| Language code of text/sound track or separate title |
geo |
| 080 ## - უნივერსალური ათობითი კლასიფიკაციის ინდექსი |
| Universal Decimal Classification number |
657.15(042.4) ვ-21 |
| 100 ## - მთავარი ჩანაწერი - პიროვნების სახელი |
| Personal name |
ვარდიაშვილი, მ. |
| 9 (RLIN) |
13255 |
| 245 ## - ცნობა სათაურის შესახებ |
| Title |
ბუღალტრული აღრიცხვა საჯარო სამართლის სუბიექტებში / |
| Statement of responsibility, etc |
მარიამ ვარდიაშვილი ; რედაქტორი: მარინა მაისურაძე, ზეინაბ გოგრიჭიანი ; სამეცნიერო რედაქტორი ნანა სრესელი. |
| 250 ## - გამოცემის ცნობა |
| Edition statement |
მესამე შესწორ. გამოცემა |
| 264 ## - წარმოების, გამოცემის, დისტრიბუციის და სხვა ცნობები |
| გამოცემის, წარმოების, დისტრიბუციის... ადგილი |
თბილისი : |
| გამოცემის, წარმოების, დისტრიბუციის... სახელწოდება |
მერიდიანი, |
| გამოცემის, წარმოების, დისტრიბუციის... თარიღი |
2018. |
| 300 ## - ფიზიკური აღწერა |
| Extent |
251 გვ.: |
| Other physical details |
ცხრ.; |
| Dimensions |
30 სმ. |
| 653 ## - INDEX TERM--UNCONTROLLED |
| Uncontrolled term |
საბიუჯეტო ბუღალტრული აღრიცხვა |
| 700 ## - ADDED ENTRY--PERSONAL NAME |
| Personal name |
მაისურაძე, მარინა |
| Relator term |
რედაქტორი |
| 9 (RLIN) |
13256 |
| 700 ## - ADDED ENTRY--PERSONAL NAME |
| Personal name |
გოგრიჭიანი, ზეინაბ |
| Relator term |
რედაქტორი |
| 9 (RLIN) |
13245 |
| 700 ## - ADDED ENTRY--PERSONAL NAME |
| Personal name |
სრესელი, ნანა |
| Relator term |
სამეცნიერო რედაქტორი |
| 9 (RLIN) |
13252 |
| 942 ## - ADDED ENTRY ELEMENTS (KOHA) |
| Koha item type |
წიგნი |
| Source of classification or shelving scheme |
|